La ley de concursos y quiebras y su interpretación en la jurisprudencia (Registro nro. 1403)

Detalles MARC
000 -LEADER
fixed length control field 00957 a2200205 4500
001 - CONTROL NUMBER
control field 25589
005 - DATE AND TIME OF LATEST TRANSACTION
control field 20260407155539.0
008 - FIXED-LENGTH DATA ELEMENTS--GENERAL INFORMATION
fixed length control field 260407a2012 arg spa d
003 - CONTROL NUMBER IDENTIFIER
control field AR-UNSa-BCEJYS
040 ## - CATALOGING SOURCE
Original cataloging agency AR-UNSa-BCEJYS
Language of cataloging spa
Transcribing agency AR-UNSa-BCEJYS
080 ## - UNIVERSAL DECIMAL CLASSIFICATION NUMBER
Universal Decimal Classification number 347.736
Common auxiliary subdivision Quiebra. Insolvencia. Suspensión de pagos. Bancarrota, procedimientos. Derecho Concursal
100 1# - MAIN ENTRY--PERSONAL NAME
Personal name Vítolo, Daniel Roque
245 10 - TITLE STATEMENT
Title La ley de concursos y quiebras y su interpretación en la jurisprudencia
264 #1 - PRODUCTION, PUBLICATION, DISTRIBUTION, MANUFACTURE, AND COPYRIGHT NOTICE
Place of production, publication, distribution, manufacture Buenos Aires :
Name of producer, publisher, distributor, manufacturer Rubinzal-Culzoni Editores
Date of production, publication, distribution, manufacture, or copyright notice 2012
300 ## - PHYSICAL DESCRIPTION
Extent 2v. (653 - 620 p.)
Dimensions 22 cm.
505 ## - FORMATTED CONTENTS NOTE
Formatted contents note Tomo I : Arts. 1º a 101 - Tomo II : Arts. 102 a 297<br/>ISBN:<br/>Tomo I: 978-987-30-0332-5<br/>Tomo II: 978-987-30-0333-2
590 ## - LOCAL NOTE (RLIN)
Local note niveau_biblio:m niveau_hierar:0
856 41 - ELECTRONIC LOCATION AND ACCESS
Uniform Resource Identifier <a href="https://biblioeco.unsa.edu.ar/pmb/images/libros/La Ley de Concursos y Quiebras y su Interpretaci?n en la Jurisprudencia (2012).jpg">https://biblioeco.unsa.edu.ar/pmb/images/libros/La Ley de Concursos y Quiebras y su Interpretaci?n en la Jurisprudencia (2012).jpg</a>
Link text Imagen de portada
Electronic format type image/jpeg
942 ## - ADDED ENTRY ELEMENTS (KOHA)
Koha item type
Existencias
Withdrawn status Lost status Damaged status Not for loan Home library Current library Shelving location Date acquired Total checkouts Full call number Barcode Date last seen Price effective from Koha item type
        Biblioteca Prof. Eusebio Cleto del Rey Biblioteca Prof. Eusebio Cleto del Rey   07/04/2026   347.736 V845 v.1 L119861 07/04/2026 07/04/2026 Libro
        Biblioteca Prof. Eusebio Cleto del Rey Biblioteca Prof. Eusebio Cleto del Rey   07/04/2026   347.736 V845 v.2 L119863 07/04/2026 07/04/2026 Libro
        Biblioteca Prof. Eusebio Cleto del Rey Biblioteca Prof. Eusebio Cleto del Rey   07/04/2026   347.736 V845 v.1 L119860 07/04/2026 07/04/2026 Libro
        Biblioteca Prof. Eusebio Cleto del Rey Biblioteca Prof. Eusebio Cleto del Rey   07/04/2026   347.736 V845 v.1 L119862 07/04/2026 07/04/2026 Libro
        Biblioteca Prof. Eusebio Cleto del Rey Biblioteca Prof. Eusebio Cleto del Rey   07/04/2026   347.736 V845 v.2 L119864 07/04/2026 07/04/2026 Libro
        Biblioteca Prof. Eusebio Cleto del Rey Biblioteca Prof. Eusebio Cleto del Rey   07/04/2026   347.736 V845 v.2 L119865 07/04/2026 07/04/2026 Libro